University Home | Library Home | Institutional Repository

Afro-Asian peoples' solidarity movement : (Record no. 162417)

MARC details
000 -LEADER
fixed length control field 00647cam0a220020500 4500
001 - CONTROL NUMBER
control field qce01297072
005 - DATE AND TIME OF LATEST TRANSACTION
control field 20190826100631.0
008 - FIXED-LENGTH DATA ELEMENTS--GENERAL INFORMATION
fixed length control field 800925s1963 ua 000 0 eng
010 ## - LIBRARY OF CONGRESS CONTROL NUMBER
LC control number ne 63002183 /L
035 ## - SYSTEM CONTROL NUMBER
System control number (Sirsi) r104166
035 ## - SYSTEM CONTROL NUMBER
System control number (QCAT)lss02876654
035 ## - SYSTEM CONTROL NUMBER
System control number (UPRA)qce01297072
040 ## - CATALOGING SOURCE
Modifying agency UPRA
050 0# - LIBRARY OF CONGRESS CALL NUMBER
Classification number DS 35 Per 1962
Item number .P45
110 2# - MAIN ENTRY--CORPORATE NAME
Subordinate unit Permanent Secretariat.
Linkage A39122.1
245 10 - TITLE STATEMENT
Title Afro-Asian peoples' solidarity movement :
Remainder of title principles, structure, friendly organisations.
260 ## - PUBLICATION, DISTRIBUTION, ETC.
Place of publication, distribution, etc. Cairo,
Date of publication, distribution, etc. [1962, 1963]
949 ## - LOCAL PROCESSING INFORMATION (OCLC)
a DS 35 Per 1962
w lcc
c 1
i 33729000054960
m MAIN
p 2500
t BOOK
l ON-SHELF

No items available.

© 2026 - The University of Zambia Library - Koha v25.11